|
|
|
|
| LEADER |
00000cas a2200000 a 4500 |
| 001 |
vtls001465923 |
| 003 |
SK-MaSNL |
| 005 |
20260401164525.0 |
| 008 |
040112c19909999xo wr|ne 0 0b0hun |
| 022 |
|
|
|a 1335-6534
|
| 035 |
|
|
|a SNK000421228
|
| 035 |
|
|
|a (SVKBB03)vtls000048144
|
| 040 |
|
|
|a SNK
|b slo
|c SNK
|e AACR2
|
| 041 |
0 |
|
|a hun
|
| 044 |
|
|
|a xo
|c SK
|
| 072 |
|
7 |
|a 2
|x Náboženstvo
|2 konspekt
|
| 072 |
|
7 |
|a 27-1/-2
|x Kresťanská teológia. Dogmatická teológia
|2 konspekt
|
| 080 |
|
|
|a 272-184.3
|2 2011
|
| 080 |
|
|
|a 272
|2 2011
|
| 080 |
|
|
|a 050
|2 2011
|
| 080 |
|
|
|a 2(051)
|2 2011
|
| 084 |
|
|
|a Index 49574
|2 mksr
|
| 210 |
0 |
|
|a Remény
|b (Bratisl.)
|
| 222 |
|
0 |
|a Remény
|b (Bratislava)
|
| 245 |
0 |
0 |
|a Remény
|b katolikus hetilap
|
| 260 |
|
|
|a Senec
|b Glória
|c 1990-
|
| 260 |
3 |
|
|3 2/1990-
|a Bratislava
|b Glória Társulat
|
| 300 |
|
|
|a zv.
|c 31-40 cm
|
| 310 |
|
|
|a 1x týždenne
|
| 362 |
0 |
|
|a I. évf. 1 sz. (8. április 1990)-
|
| 500 |
|
|
|a Šéfredaktor: 1/1990-14/2001, Koller Gyula ; 15/2001-?, Herdics György; ?-Pápay, György Pál
|
| 500 |
|
|
|a Evidenčné č.: EV 242/08
|
| 515 |
|
|
|a Niektoré čísla vychádzajú ako dvojčíslo
|
| 610 |
2 |
7 |
|a Rímskokatolícka cirkev
|2 SNKPH
|9 32394
|
| 650 |
0 |
7 |
|a katolícke náboženstvo
|2 SNKPH
|9 4022
|
| 650 |
0 |
7 |
|a cirkevný život
|2 SNKPH
|9 75120
|
| 650 |
0 |
7 |
|a náboženstvo
|2 SNKPH
|9 2023
|
| 655 |
|
7 |
|a náboženské časopisy
|2 SNKPH
|9 70790
|
| 700 |
1 |
|
|a Herdics, György,
|d 1966-
|4 pbd
|9 103269
|
| 700 |
1 |
|
|a Koller, Gyula,
|d 1921-
|4 pbd
|9 267145
|
| 700 |
1 |
|
|a Pápay, György Pál
|4 pbd
|9 267146
|
| 910 |
|
|
|a snk
|
| 916 |
|
|
|a 1990-2014, 2015-2018, 2019, 2020-2021
|
| 999 |
|
|
|c 3389
|d 5319
|
| 952 |
|
|
|t č. 1-52
|a SNK
|b SNK
|y PREZ
|7 0
|p 17A1522158
|o snkČSA 1184/31/2020 D1
|i snk2023/17373
|8 0
|0 0
|1 0
|4 0
|d 2023-11-29
|l 0
|r 2026-02-21 19:47:37
|w 2026-02-21
|
| 952 |
|
|
|t č. 1-52, neúplné
|a SNK
|b SNK
|y PREZ
|7 0
|p 17A1522159
|o snkČSA 1184/32/2021 D1
|i snk2023/17375
|8 0
|z Chýba č. 16
|0 0
|1 0
|4 0
|d 2023-11-29
|l 0
|r 2026-02-21 19:47:37
|w 2026-02-21
|
| 952 |
|
|
|t č. 1-52
|a SNK
|b SNK
|y PREZ
|7 0
|p 17A1522160
|o snkČSA 1184/33/2022
|i snk2023/17377
|8 0
|0 0
|1 0
|4 0
|d 2023-11-29
|l 0
|r 2026-02-21 19:47:37
|w 2026-02-21
|
| 952 |
|
|
|t č. 1-52
|a SNK
|b SNK
|y PREZ
|7 0
|p 17A1522161
|o snkČSA 1184/33/2022 D1
|i snk2023/17378
|8 0
|0 0
|1 0
|4 0
|d 2023-11-29
|l 0
|r 2026-02-21 19:47:38
|w 2026-02-21
|
| 952 |
|
|
|t č. 1-52
|a SNK
|b SNK
|y PREZ
|7 0
|p 17A1463920
|o snkČSA 1184/30/2019 D1
|i snk2022/13246
|8 0
|0 0
|1 0
|4 0
|d 2022-09-05
|l 0
|r 2026-02-21 20:01:05
|w 2026-02-21
|
| 952 |
|
|
|t č. 1-52
|a SNK
|b SNK
|y PREZ
|7 0
|p 17A1463921
|o snkČSA 1184/31/2020
|i snk2022/13247
|8 0
|f 1
|0 0
|1 0
|4 0
|d 2022-09-05
|l 0
|r 2026-02-21 20:01:05
|w 2026-02-21
|
| 952 |
|
|
|t č. 27-52
|a SNK
|b SNK
|y PREZ
|7 0
|p 17A1558416
|o snkČSA 1184/34/2023/2
|i snk2025/18232
|8 0
|0 0
|1 0
|4 0
|d 2025-11-13
|l 0
|r 2026-02-21 20:03:03
|w 2026-02-21
|
| 952 |
|
|
|t č. 27-52
|a SNK
|b SNK
|y PREZ
|7 0
|p 17A1558417
|o snkČSA 1184/34/2023/2 D1
|i snk2025/18233
|8 0
|0 0
|1 0
|4 0
|d 2025-11-13
|l 0
|r 2026-02-21 20:03:03
|w 2026-02-21
|
| 952 |
|
|
|t č. 27-52
|a SNK
|b SNK
|y PREZ
|7 0
|p 17A1558418
|o snkČSA 1184/35/2024/2
|i snk2025/18235
|8 0
|0 0
|1 0
|4 0
|d 2025-11-13
|l 0
|r 2026-02-21 20:03:03
|w 2026-02-21
|
| 952 |
|
|
|t č. 27-52
|a SNK
|b SNK
|y PREZ
|7 0
|p 17A1558419
|o snkČSA 1184/35/2024/2 D1
|i snk2025/18237
|8 0
|0 0
|1 0
|4 0
|d 2025-11-13
|l 0
|r 2026-02-21 20:03:03
|w 2026-02-21
|
| 952 |
|
|
|t č. 1-52
|a SNK
|b SNK
|y PREZ
|7 0
|p 17A0241239
|o snkČSA 1184/5/1994 D1
|0 0
|1 0
|4 0
|d 2002-01-28
|l 0
|r 2005-01-02 00:00:00
|w 2026-02-21
|
| 952 |
|
|
|t č. 1-52
|a SNK
|b SNK
|y PREZ
|7 0
|p 17A0523532
|o snkČSA 1184/13/2002
|i snkČSP 1089/2003
|f 1
|3 rekatalogizácia
|0 0
|1 0
|4 0
|d 2006-10-10
|l 0
|r 2026-02-21 20:08:39
|w 2026-02-21
|
| 952 |
|
|
|t č. 1-52
|a SNK
|b SNK
|y PREZ
|7 0
|p 17A1463961
|o snkČSA 1184/32/2021
|i snk2022/13797
|8 0
|f 1
|0 0
|1 0
|4 0
|d 2022-09-12
|l 0
|r 2026-02-21 20:10:47
|w 2026-02-21
|
| 952 |
|
|
|t č. 1-52
|a SNK
|b SNK
|y PREZ
|7 0
|p 17A0546974
|o snkČSA 1184/8/1997
|i snkČSP 638/99
|f 1
|3 rekatalogizácia
|0 0
|1 0
|4 0
|d 2007-04-13
|l 0
|r 2026-02-21 20:14:46
|w 2026-02-21
|
| 952 |
|
|
|t č. 1-52
|a SNK
|b SNK
|y PREZ
|7 0
|p 17A0548745
|o snkČSA 1184/15/2004
|i snk2007/19134
|8 0
|f 1
|0 0
|1 0
|4 0
|d 2007-08-21
|l 0
|r 2026-02-21 20:16:01
|w 2026-02-21
|
| 952 |
|
|
|t č. 1-52
|a SNK
|b SNK
|y PREZ
|7 0
|p 17A0523595
|o snkČSA 1184/10/1999
|i snkČSP 1093/2003
|f 1
|3 rekatalogizácia
|0 0
|1 0
|4 0
|d 2006-10-10
|l 0
|r 2026-02-21 20:18:30
|w 2026-02-21
|
| 952 |
|
|
|t č. 1-52
|a SNK
|b SNK
|y PREZ
|7 0
|p 17A1265459
|o snkČSA 1184/27/2016 D1
|i snk2017/25871
|8 0
|0 0
|1 0
|4 0
|d 2017-11-23
|l 0
|r 2026-02-21 20:20:40
|w 2026-02-21
|
| 952 |
|
|
|t č. 1-52
|a SNK
|b SNK
|y PREZ
|7 0
|p 17A1265458
|o snkČSA 1184/27/2016
|i snk2017/25870
|8 0
|f 1
|0 0
|1 0
|4 0
|d 2017-11-23
|l 0
|r 2026-02-21 20:20:44
|w 2026-02-21
|
| 952 |
|
|
|t č. 1-53
|a SNK
|b SNK
|y PREZ
|7 0
|p 17A0546862
|o snkČSA 1184/6/1995 D1
|i snkČSP 1205/96
|3 rekatalogizácia
|0 0
|1 0
|4 0
|d 2007-04-13
|l 0
|r 2026-02-21 20:27:40
|w 2026-02-21
|
| 952 |
|
|
|t č. 1-52
|a SNK
|b SNK
|y PREZ
|7 0
|p 17A0546909
|o snkČSA 1184/4/1993
|i snkČSP 847/94
|f 1
|3 rekatalogizácia
|0 0
|1 0
|4 0
|d 2007-04-13
|l 0
|r 2026-02-21 20:27:40
|w 2026-02-21
|
| 952 |
|
|
|t č. 1-51
|a SNK
|b SNK
|y PREZ
|7 0
|p 17A0546910
|o snkČSA 1184/2/1991
|i snkČSP 2368/92
|f 1
|3 rekatalogizácia
|0 0
|1 0
|4 0
|d 2007-04-13
|l 0
|r 2026-02-21 20:27:40
|w 2026-02-21
|
| 952 |
|
|
|t č. 1-53
|a SNK
|b SNK
|y PREZ
|7 0
|p 17A0546912
|o snkČSA 1184/11/2000
|i snkČSP 1091/2003
|f 1
|3 rekatalogizácia
|0 0
|1 0
|4 0
|d 2007-04-13
|l 0
|r 2026-02-21 20:27:43
|w 2026-02-21
|
| 952 |
|
|
|t č. 1-52
|a SNK
|b SNK
|y PREZ
|7 0
|p 17A0708816
|o snkČSA 1184/9/1998 D1
|i snkČSP 641/99
|0 0
|1 0
|4 0
|d 2011-08-09
|l 0
|r 2026-02-21 20:29:22
|w 2026-02-21
|
| 952 |
|
|
|t č. 1-51
|a SNK
|b SNK
|y PREZ
|7 0
|p 17A0110275
|o snkČSA 1184/2/1991 D1
|0 0
|1 0
|4 0
|d 1997-12-05
|l 0
|r 2005-01-02 00:00:00
|w 2026-02-21
|
| 952 |
|
|
|t č. 1-52
|a SNK
|b SNK
|y PREZ
|7 0
|p 17A0211381
|o snkČSA 1184/7/1996 D1
|0 0
|1 0
|4 0
|d 2002-01-28
|l 0
|r 2005-01-02 00:00:00
|w 2026-02-21
|
| 952 |
|
|
|t č. 1-38
|a SNK
|b SNK
|y PREZ
|7 0
|p 17A0322502
|o snkČSA 1184/1/1990
|i snkČSP 2767/91
|f 1
|0 0
|1 0
|4 0
|d 2002-01-28
|l 0
|r 2005-01-02 00:00:00
|w 2026-02-21
|
| 952 |
|
|
|t č. 1-52
|a SNK
|b SNK
|y PREZ
|7 0
|p 17A0322501
|o snkČSA 1184/9/1998
|i snkČSP 640/99
|f 1
|0 0
|1 0
|4 0
|d 2002-01-28
|l 0
|r 2005-01-02 00:00:00
|w 2026-02-21
|
| 952 |
|
|
|t č. 1-52
|a SNK
|b SNK
|y PREZ
|7 0
|p 17A0871111
|o snkČSA 1184/18/2007
|i snk2015/1006
|8 0
|f 1
|0 0
|1 0
|4 0
|d 2015-01-14
|l 0
|r 2026-02-21 20:51:50
|w 2026-02-21
|
| 952 |
|
|
|t č. 1-52
|a SNK
|b SNK
|y PREZ
|7 0
|p 17A0871112
|o snkČSA 1184/18/2007 D1
|i snk2015/1007
|8 0
|0 0
|1 0
|4 0
|d 2015-01-14
|l 0
|r 2026-02-21 20:51:50
|w 2026-02-21
|
| 952 |
|
|
|t č. 1-52
|a SNK
|b SNK
|y PREZ
|7 0
|p 17A0871113
|o snkČSA 1184/19/2008
|i snk2015/1009
|8 0
|f 1
|0 0
|1 0
|4 0
|d 2015-01-14
|l 0
|r 2026-02-21 20:51:50
|w 2026-02-21
|
| 952 |
|
|
|t č. 1-52
|a SNK
|b SNK
|y PREZ
|7 0
|p 17A0871114
|o snkČSA 1184/19/2008 D1
|i snk2015/1010
|8 0
|0 0
|1 0
|4 0
|d 2015-01-14
|l 0
|r 2026-02-21 20:51:50
|w 2026-02-21
|
| 952 |
|
|
|t č. 1-52
|a SNK
|b SNK
|y PREZ
|7 0
|p 17A0871115
|o snkČSA 1184/20/2009
|i snk2015/1011
|8 0
|f 1
|0 0
|1 0
|4 0
|d 2015-01-14
|l 0
|r 2026-02-21 20:51:51
|w 2026-02-21
|
| 952 |
|
|
|t č. 1-52
|a SNK
|b SNK
|y PREZ
|7 0
|p 17A0871116
|o snkČSA 1184/20/2009 D1
|i snk2015/1012
|8 0
|0 0
|1 0
|4 0
|d 2015-01-14
|l 0
|r 2026-02-21 20:51:51
|w 2026-02-21
|
| 952 |
|
|
|t č. 1-52
|a SNK
|b SNK
|y PREZ
|7 0
|p 17A0871117
|o snkČSA 1184/21/2010
|i snk2015/1013
|8 0
|f 1
|0 0
|1 0
|4 0
|d 2015-01-14
|l 0
|r 2026-02-21 20:51:51
|w 2026-02-21
|
| 952 |
|
|
|t č. 1-52
|a SNK
|b SNK
|y PREZ
|7 0
|p 17A0871118
|o snkČSA 1184/21/2010 D1
|i snk2015/1014
|8 0
|0 0
|1 0
|4 0
|d 2015-01-14
|l 0
|r 2026-02-21 20:51:51
|w 2026-02-21
|
| 952 |
|
|
|t č. 1-52
|a SNK
|b SNK
|y PREZ
|7 0
|p 17A0871119
|o snkČSA 1184/22/2011
|i snk2015/1015
|8 0
|f 1
|0 0
|1 0
|4 0
|d 2015-01-14
|l 0
|r 2026-02-21 20:51:51
|w 2026-02-21
|
| 952 |
|
|
|t č. 1-52
|a SNK
|b SNK
|y PREZ
|7 0
|p 17A0871120
|o snkČSA 1184/22/2011 D1
|i snk2015/1016
|8 0
|0 0
|1 0
|4 0
|d 2015-01-14
|l 0
|r 2026-02-21 20:51:51
|w 2026-02-21
|
| 952 |
|
|
|t č. 1-53
|a SNK
|b SNK
|y PREZ
|7 0
|p 17A0871121
|o snkČSA 1184/23/2012
|i snk2015/1017
|8 0
|f 1
|0 0
|1 0
|4 0
|d 2015-01-14
|l 0
|r 2026-02-21 20:51:51
|w 2026-02-21
|
| 952 |
|
|
|t č. 1-53
|a SNK
|b SNK
|y PREZ
|7 0
|p 17A0871122
|o snkČSA 1184/23/2012 D1
|i snk2015/1018
|8 0
|0 0
|1 0
|4 0
|d 2015-01-14
|l 0
|r 2026-02-21 20:51:51
|w 2026-02-21
|
| 952 |
|
|
|t č. 1-52
|a SNK
|b SNK
|y PREZ
|7 0
|p 17A0871158
|o snkČSA 1184/24/2013
|i snk2015/1416
|8 0
|f 1
|0 0
|1 0
|4 0
|d 2015-01-19
|l 0
|r 2026-02-21 20:51:55
|w 2026-02-21
|
| 952 |
|
|
|t č. 1-52
|a SNK
|b SNK
|y PREZ
|7 0
|p 17A0821222
|o snkČSA 1184/3/1992
|i snkČSP 1921/93
|f 1
|0 0
|1 0
|4 0
|d 2015-01-16
|l 0
|r 2026-02-21 20:51:56
|w 2026-02-21
|
| 952 |
|
|
|t č. 1-52
|a SNK
|b SNK
|y PREZ
|7 0
|p 17A0821223
|o snkČSA 1184/5/1994
|i snkČSP 1459/95
|f 1
|0 0
|1 0
|4 0
|d 2015-01-16
|l 0
|r 2026-02-21 20:51:56
|w 2026-02-21
|
| 952 |
|
|
|t č. 1-53
|a SNK
|b SNK
|y PREZ
|7 0
|p 17A0821224
|o snkČSA 1184/6/1995
|i snkČSP 1204/96
|f 1
|0 0
|1 0
|4 0
|d 2015-01-16
|l 0
|r 2026-02-21 20:51:56
|w 2026-02-21
|
| 952 |
|
|
|t č. 1-52
|a SNK
|b SNK
|y PREZ
|7 0
|p 17A0821225
|o snkČSA 1184/7/1996
|i snkČSP 1568/97
|f 1
|0 0
|1 0
|4 0
|d 2015-01-16
|l 0
|r 2026-02-21 20:51:56
|w 2026-02-21
|
| 952 |
|
|
|t č. 1-52
|a SNK
|b SNK
|y PREZ
|7 0
|p 17A0821328
|o snkČSA 1184/12/2001
|i snkČSP 1199/2004
|f 1
|0 0
|1 0
|4 0
|d 2015-01-16
|l 0
|r 2026-02-21 20:51:56
|w 2026-02-21
|
| 952 |
|
|
|t č. 1-52, neúplné
|a SNK
|b SNK
|y PREZ
|7 0
|p 17A1317473
|o snkČSA 1184/24/2013 D1
|i snk2015/1417
|8 0
|z chýba č. 3
|0 0
|1 0
|4 0
|d 2015-01-19
|l 0
|r 2026-02-21 20:51:59
|w 2026-02-21
|
| 952 |
|
|
|t č. 1-52
|a SNK
|b SNK
|y PREZ
|7 0
|p 17A0871160
|o snkČSA 1184/25/2014
|i snk2015/1420
|8 0
|f 1
|0 0
|1 0
|4 0
|d 2015-01-19
|l 0
|r 2026-02-21 20:52:00
|w 2026-02-21
|
| 952 |
|
|
|t č. 1-52
|a SNK
|b SNK
|y PREZ
|7 0
|p 17A0871161
|o snkČSA 1184/25/2014 D1
|i snk2015/1423
|8 0
|0 0
|1 0
|4 0
|d 2015-01-19
|l 0
|r 2026-02-21 20:52:00
|w 2026-02-21
|
| 952 |
|
|
|t č. 1-52, neúplné
|a SNK
|b SNK
|y NEVYP
|7 0
|p 17A1316922
|o snkČSA 1184/14/2003 D1
|i snk2015/1725
|8 0
|z chýba č. 17
|0 0
|1 0
|4 0
|d 2015-01-21
|l 0
|r 2026-02-21 20:52:07
|w 2026-02-21
|
| 952 |
|
|
|t č. 1-52
|a SNK
|b SNK
|y PREZ
|7 0
|p 17A0871262
|o snkČSA 1184/15/2004 D1
|i snk2015/1728
|8 0
|0 0
|1 0
|4 0
|d 2015-01-21
|l 0
|r 2026-02-21 20:52:07
|w 2026-02-21
|
| 952 |
|
|
|t č. 1-52
|a SNK
|b SNK
|y PREZ
|7 0
|p 17A0871263
|o snkČSA 1184/16/2005 D1
|i snk2015/1729
|8 0
|0 0
|1 0
|4 0
|d 2015-01-21
|l 0
|r 2026-02-21 20:52:07
|w 2026-02-21
|
| 952 |
|
|
|t č. 1-52
|a SNK
|b SNK
|y PREZ
|7 0
|p 17A0871264
|o snkČSA 1184/17/2006 D1
|i snk2015/1730
|8 0
|0 0
|1 0
|4 0
|d 2015-01-21
|l 0
|r 2026-02-21 20:52:07
|w 2026-02-21
|
| 952 |
|
|
|t č. 1-52
|a SNK
|b SNK
|y PREZ
|7 0
|p 17A0548744
|o snkČSA 1184/14/2003
|i snk2007/19133
|8 0
|f 1
|0 0
|1 0
|4 0
|d 2007-08-21
|l 0
|r 2026-02-21 21:01:03
|w 2026-02-21
|
| 952 |
|
|
|t č. 1-52
|a SNK
|b SNK
|y PREZ
|7 0
|p 17A0548746
|o snkČSA 1184/16/2005
|i snk2007/19135
|8 0
|f 1
|0 0
|1 0
|4 0
|d 2007-08-21
|l 0
|r 2026-02-21 21:01:03
|w 2026-02-21
|
| 952 |
|
|
|t č. 1-52
|a SNK
|b SNK
|y PREZ
|7 0
|p 17A0548747
|o snkČSA 1184/17/2006
|i snk2007/19136
|8 0
|f 1
|0 0
|1 0
|4 0
|d 2007-08-21
|l 0
|r 2026-02-21 21:01:04
|w 2026-02-21
|
| 952 |
|
|
|t č. 1-52
|a SNK
|b SNK
|y PREZ
|7 0
|p 17A1053508
|o snkČSA 1184/3/1992 D1
|i snkČSP 1922/93
|0 0
|1 0
|4 0
|d 2013-01-03
|l 0
|r 2026-02-21 21:13:22
|w 2026-02-21
|
| 952 |
|
|
|t č. 1-52
|a SNK
|b SNK
|y PREZ
|7 0
|p 17A1053509
|o snkČSA 1184/8/1997 D1
|i snkČSP 639/99
|0 0
|1 0
|4 0
|d 2013-01-03
|l 0
|r 2026-02-21 21:13:22
|w 2026-02-21
|
| 952 |
|
|
|t č. 1-52
|a SNK
|b SNK
|y PREZ
|7 0
|p 17A0495295
|o snkČSA 1184/12/2001 D1
|i snkČSP 1200/2004
|0 0
|1 0
|4 0
|d 2006-01-18
|l 0
|r 2026-02-21 21:20:20
|w 2026-02-21
|
| 952 |
|
|
|t č. 1-26
|a SNK
|b SNK
|y PREZ
|7 0
|p 17A1558019
|o snkČSA 1184/34/2023/1
|i snk2025/16043
|8 0
|0 0
|1 0
|4 0
|d 2025-10-09
|l 0
|r 2026-02-21 21:21:42
|w 2026-02-21
|
| 952 |
|
|
|t č. 1-26
|a SNK
|b SNK
|y PREZ
|7 0
|p 17A1558020
|o snkČSA 1184/34/2023/1 D1
|i snk2025/16044
|8 0
|0 0
|1 0
|4 0
|d 2025-10-09
|l 0
|r 2026-02-21 21:21:43
|w 2026-02-21
|
| 952 |
|
|
|t č. 1-26
|a SNK
|b SNK
|y PREZ
|7 0
|p 17A1558021
|o snkČSA 1184/35/2024/1
|i snk2025/16045
|8 0
|0 0
|1 0
|4 0
|d 2025-10-09
|l 0
|r 2026-02-21 21:21:43
|w 2026-02-21
|
| 952 |
|
|
|t č. 1-26
|a SNK
|b SNK
|y PREZ
|7 0
|p 17A1558022
|o snkČSA 1184/35/2024/1 D1
|i snk2025/16046
|8 0
|0 0
|1 0
|4 0
|d 2025-10-09
|l 0
|r 2026-02-21 21:21:43
|w 2026-02-21
|
| 952 |
|
|
|t č. 1-52
|a SNK
|b SNK
|y PREZ
|7 0
|p 17A1344253
|o snkČSA 1184/29/2018
|i snk2019/9092
|8 0
|f 1
|0 0
|1 0
|4 0
|d 2019-04-01
|l 0
|r 2026-02-21 21:59:12
|w 2026-02-21
|
| 952 |
|
|
|t č. 1-52
|a SNK
|b SNK
|y PREZ
|7 0
|p 17A1344254
|o snkČSA 1184/29/2018 D1
|i snk2019/9094
|8 0
|0 0
|1 0
|4 0
|d 2019-04-01
|l 0
|r 2026-02-21 21:59:12
|w 2026-02-21
|
| 952 |
|
|
|t č. 1-52
|a SNK
|b SNK
|y PREZ
|7 0
|p 17A1185381
|o snkČSA 1184/13/2002 D1
|i snkČSP 1088/2003
|0 0
|1 0
|4 0
|d 2016-02-10
|l 0
|r 2026-02-21 22:02:21
|w 2026-02-21
|
| 952 |
|
|
|t č. 1-52
|a SNK
|b SNK
|y PREZ
|7 0
|p 17A1185379
|o snkČSA 1184/10/1999 D1
|i snk2003/1092
|0 0
|1 0
|4 0
|d 2016-02-10
|l 0
|r 2026-02-21 22:02:21
|w 2026-02-21
|
| 952 |
|
|
|t č. 1-53
|a SNK
|b SNK
|y PREZ
|7 0
|p 17A1185378
|o snkČSA 1184/11/2000 D1
|i snk2003/1090
|0 0
|1 0
|4 0
|d 2016-02-10
|l 0
|r 2026-02-21 22:02:21
|w 2026-02-21
|
| 952 |
|
|
|t č. 1-52
|a SNK
|b SNK
|y PREZ
|7 0
|p 17A1265456
|o snkČSA 1184/26/2015
|i snk2017/25860
|8 0
|f 1
|0 0
|1 0
|4 0
|d 2017-11-23
|l 0
|r 2026-02-21 22:12:22
|w 2026-02-21
|
| 952 |
|
|
|t č. 1-52
|a SNK
|b SNK
|y PREZ
|7 0
|p 17A1265457
|o snkČSA 1184/26/2015 D1
|i snk2017/25866
|8 0
|0 0
|1 0
|4 0
|d 2017-11-23
|l 0
|r 2026-02-21 22:12:23
|w 2026-02-21
|
| 952 |
|
|
|t č. 1-52
|a SNK
|b SNK
|y PREZ
|7 0
|p 17A1430937
|o snkČSA 1184/30/2019
|i snk2020/16142
|8 0
|f 1
|0 0
|1 0
|4 0
|d 2020-09-14
|l 0
|r 2026-02-21 22:15:52
|w 2026-02-21
|
| 952 |
|
|
|t č. 1-52
|a SNK
|b SNK
|y PREZ
|7 0
|p 17A1326498
|o snkČSA 1184/28/2017
|i snk2018/15244
|8 0
|f 1
|0 0
|1 0
|4 0
|d 2018-07-17
|l 0
|r 2026-02-21 22:20:01
|w 2026-02-21
|
| 952 |
|
|
|t č. 1-52
|a SNK
|b SNK
|y PREZ
|7 0
|p 17A1326497
|o snkČSA 1184/28/2017 D1
|i snk2018/15245
|8 0
|0 0
|1 0
|4 0
|d 2018-07-17
|l 0
|r 2026-02-21 22:20:01
|w 2026-02-21
|
| 952 |
|
|
|t 1
|a SNK
|b SNK
|y NEVYP
|7 1
|p 17A1560076
|o snkČSA 1184/36/2025/1
|i snk2026/5777
|h č. 1-26
|8 0
|0 0
|1 0
|2 udc
|4 0
|d 2025-10-09
|l 0
|r 2026-04-21 09:52:39
|w 2026-02-21
|
| 952 |
|
|
|t 1
|a SNK
|b SNK
|y NEVYP
|7 1
|p 17A1560077
|o snkČSA 1184/36/2025/2
|i snk2026/5778
|h č. 27-52
|8 0
|0 0
|1 0
|2 udc
|4 0
|d 2025-10-09
|l 0
|r 2026-04-21 09:55:44
|w 2026-02-21
|
| 952 |
|
|
|t 2
|a SNK
|b SNK
|y NEVYP
|7 1
|p 17A1560078
|o snkČSA 1184/36/2025/1 D1
|i snk2026/5779
|h č. 1-26
|8 0
|0 0
|1 0
|2 udc
|4 0
|d 2025-10-09
|l 0
|r 2026-04-21 09:59:03
|w 2026-02-21
|
| 952 |
|
|
|t 2
|a SNK
|b SNK
|y NEVYP
|7 1
|p 17A1560079
|o snkČSA 1184/36/2025/2 D1
|i snk2026/5780
|h č. 27-52
|8 0
|0 0
|1 0
|2 udc
|4 0
|d 2025-10-09
|l 0
|r 2026-04-21 10:01:03
|w 2026-02-21
|